000 00293nam a2200121Ia 4500
008 231129s1964||||xx |||||||||||||| ||spa||
082 _aHAJ- 0195
100 _aSilverberg Robert
245 0 _aEl hombre antes de Adán
260 _c1964
264 _aMéxico; Diana 1964
942 _2ddc
_cBKS
999 _c11247
_d11247